000 00772nam a22001935i 4500
001 156096
003 ES-MaACL
005 20240524063006.0
008 040727s1864 fr |||| | fre d
040 _aCAM
_bspa
_cCAM
100 0 _aIrving, Washington,
_d1783-1859
_965506
245 1 0 _aVie et voyages de Christophe Colomb /
_cWashington Irving ; traduction de l'anglais par G. Renson.
260 _aParis [etc.] :
_bA. Lacroix, Verboeckhoven et C., éditeurs,
_c1864 (
_eBruxelles :
_fTyp. A. Lacroix, Verboeckhoven et C.)
300 _a3 v. (354 ; 330 ; 348 p.) ;
_c22 cm.
600 1 4 _aColón, Cristóbal-
_xBiografías.
_939871
700 1 1 _aRenson, G.,
_etrad.
_9131713
852 _aES-MaACL
_jF-7814-7816
_z-- Enc. hol.
999 _c156096
_d156096